Länder anhand von Haiku erraten 3 - Statistiken

Allgemein
  • Dieses Quiz wurde 85 mal gespielt
  • Das Durchschnittsergebnis liegt bei 7 aus 8
Antwortstatistiken
Hint Antwort % Korrekt
Fjorde tief und weit, Nordlichter am Himmel fliehn, Wikingerstolz weht. Norwegen
99%
Säulen stehen stolz, Olivenhaine rauschen, Mythos im Lichtglanz. Griechenland
97%
Flamenco im Tanz, Tapas locken den Gaumen, Fiesta im Blut. Spanien
96%
Kimchi duftet zart, Hanbok in bunten Farben, K-Pop Herzschlag laut. Südkorea
96%
Anden schneebedeckt, Machu Picchu in den Wolken, Inka-Kultur lebt. Peru
93%
Smaragdgrüne Hügel, Keltische Melodien wehn, Magie im Nebel. Irland
90%
Tango in der Nacht, Pampas wehen sanft im Wind, Gauchos reiten frei. Argentinien
89%
Gewürze betören, Kasbahs in der Wüste Sand, Orientzauber wacht. Marokko
62%
Keine übereinstimmenden Quizze gefunden
Verteilung der Resultate
Anzahl Personen mit jedem Resultat
Perzentil nach korrekt beantworteten Fragen
Ihre Resultats-Entwicklung
Sie haben dieses Quiz noch nicht gespielt